[Event "3rd ESNAI-ch 2018"]
[Site "Klaksvik"]
[Date "2018.04.19"]
[Round "6"]
[White "Aloma Vidal, Robert"]
[Black "Klerides, Paris"]
[Result "1-0"]
[WhiteElo "2440"]
[BlackElo "2183"]
[Annotator "TA"]
[PlyCount "71"]
[EventDate "2018.??.??"]
[EventType "tourn"]
[EventCountry "FAI"]
[SourceTitle "playchess.com"]
[Source "ChessBase"]
[SourceQuality "1"]

{[%evp 21,71,31,27,43,33,28,24,27,24,22,45,42,65,33,79,93,266,262,297,287,358,270,395,405,516,513,500,497,797,455,672,590,612,612,600,563,691,660,807,773,2076,2655,29991,29992,29994,29995,29995,29996,29996,29997,29997,29996]} 1. d4 e6 2. e4 d5 3. Nd2 dxe4 4. Nxe4 Bd7 5. Nf3 Bc6 6. Bd3 Nd7 7. O-O Ngf6 8. Ned2 Be7 9. Nc4 O-O {C10: French with 3 Nc3: Unusual Black 3rd moves and 3...dxe4} (9... Bb5 10. Nfe5 Bxc4 11. Nxc4 O-O 12. Qf3 Nd5 13. c3 Bf6 14. Rd1 a5 15. a4 g6 16. Bc2 Bg7 17. g3 {0-1 (41) Alekseev,E (2642)-Pridorozhni,A (2563) Khanty-Mansiysk 2015}) 10. Na5 Bxf3 11. Qxf3 c6 $1 {LiveBook: 4 Games. White is slightly better.} 12. Nxb7 Qb6 13. Nc5 $1 Nxc5 14. dxc5 Bxc5 15. Rb1 $146 ({Find the theoretical novelty and annotate with similar games:} 15. Bd2 e5 16. Rae1 Rfe8 17. Bg5 {½-½ (31) Wells,P (2489)-Cobb,C (2331) West Bromwich 2003}) 15... Nd5 {[#]} 16. b4 $1 {[%mdl 512] And now c4 would win.} Bd4 (16... Bxb4 17. a3) 17. c4 Nc3 18. Rb3 $40 {[%mdl 128] Strongly threatening Bb2. White wants a kill.} Nxa2 $2 (18... e5 $16) 19. Bd2 g6 20. Bb1 Rfd8 21. c5 Qb5 (21... Qc7 $142 22. Bf4 Be5) 22. Bxa2 $18 a5 23. bxa5 Qxc5 24. Rb7 Qf8 (24... Qf5 $142 25. Qxc6 Rac8) 25. Bg5 {[%cal Bd2g5,Bg5e7,Be7d6,Bd6e5][%mdl 32]} Rdc8 (25... Rdb8 $142) 26. Be7 Qg7 27. Bd6 Qf6 28. Qa3 c5 29. Bc4 Qd8 30. Qf3 Bf6 {[#]} 31. Be5 $1 {[%mdl 512]} Kg7 (31... Bxe5 32. Qxf7+) 32. Bxe6 {White mates.} Bxe5 33. Qxf7+ Kh6 34. Qxh7+ Kg5 35. h4+ Kf4 36. g3+ {Precision: White = 82%, Black = 22%.} 1-0

[Event "3rd ESNAI-ch 2018"]
[Site "Klaksvik"]
[Date "2018.04.19"]
[Round "6"]
[White "Berend, Fred"]
[Black "Theocharous, Stelios"]
[Result "1-0"]
[WhiteElo "2357"]
[BlackElo "2099"]
[Annotator "TA"]
[PlyCount "89"]
[EventDate "2018.??.??"]
[EventType "tourn"]
[EventCountry "FAI"]
[SourceTitle "playchess.com"]
[Source "ChessBase"]
[SourceQuality "1"]

{[%evp 19,89,12,3,6,-1,-4,51,50,56,39,157,160,150,117,154,160,148,139,150,150,145,147,137,144,212,224,218,151,178,175,177,136,169,163,180,160,265,177,195,187,172,159,172,168,174,54,65,59,274,132,550,539,921,902,825,757,1382,1385,5181,379,374,378,357,370,335,330,980,923,29972,29973,29987,29988]} 1. d4 Nf6 2. c4 e6 3. g3 d5 4. Bg2 Be7 5. Nf3 O-O 6. Qc2 dxc4 7. Qxc4 a6 8. Bf4 Nd5 {E06: Closed Catalan: Early deviations} (8... Bd6 9. Ne5 Nd5 10. Nc3 Nxf4 11. gxf4 Nd7 12. e3 Nb6 13. Qb3 f5 14. h4 a5 15. a3 c6 16. h5 {1-0 (55) Vitiugov,N (2729)-Fedoseev,V (2684) Karlsruhe 2017}) 9. Bd2 b5 10. Qc2 Bb7 {LiveBook: 3 Games. The position is equal.} 11. a3 $146 ({Find the theoretical novelty and annotate with similar games:} 11. O-O Nd7 12. Ba5 Qc8 13. Rc1 c5 14. Qd1 Qb8 15. Nbd2 Rc8 16. e3 N5f6 17. Qe2 cxd4 18. Nxd4 Bxg2 19. Kxg2 {½-½ (50) Zanan,E (2482)-Deutsch,E (2350) Israel 2018}) 11... Nd7 12. Ba5 N7b6 ({Black should try} 12... Qc8 $11) 13. Nbd2 $14 Rc8 14. b4 Nc4 (14... f5 $14) 15. Nxc4 $16 bxc4 16. O-O Nb6 {[#]} 17. Ng5 $1 {[%mdl 512]} Bxg5 18. Bxb7 Rb8 19. Bxa6 Qxd4 20. Rad1 Qg4 21. f4 Bh4 (21... Bf6 $16 {keeps fighting.}) 22. Rf3 $18 Bf6 23. Kg2 c3 24. e4 Rfd8 {With the idea ...Rxd1.} 25. h3 Rxd1 26. Qxd1 Qg6 27. Bd3 {aiming for Bxb6.} e5 (27... Rd8 $16 {was necessary.}) 28. b5 Ra8 29. Bxc3 Rxa3 30. Bb2 Ra2 31. Qb3 Ra8 32. Bc1 (32. fxe5 $18 Bg5 33. e6 Qxe6 34. Qxe6 fxe6 35. Be5) 32... Be7 $14 33. fxe5 Nd7 $2 {[#]} (33... Qe6 $14 34. Qxe6 fxe6) 34. e6 (34. Rxf7 $1 $18 {[%mdl 512]} Nc5 (34... Qxf7 35. Bc4) 35. Qd5) 34... Qxe6 $2 {[%mdl 8192] [#]} (34... Nc5 $16 {is more resistant.} 35. exf7+ Kf8) 35. Bc4 $1 $18 {[%cal Rc4e6]} ({Weaker is} 35. Qxe6 fxe6 36. Bc4 Nf8 $16) 35... Qxe4 36. Bxf7+ Kh8 {[#]} 37. Bd5 $1 {[%cal Rd5e4]} Qe1 38. Bxa8 Qxc1 39. Qe6 $2 (39. Qf7 {White threatens Qe8+ and mate.} Qc2+ 40. Rf2) 39... Qd2+ 40. Rf2 Qd6 41. Re2 Qxe6 42. Rxe6 Bd6 $2 (42... Ba3 43. Re3 Bc5) 43. Bc6 Nf8 44. Rxd6 cxd6 45. b6 {Precision: White = 63%, Black = 33%.} 1-0

[Event "3rd ESNAI-ch 2018"]
[Site "Klaksvik"]
[Date "2018.04.19"]
[Round "6"]
[White "Berg, Olaf"]
[Black "Kirby, Peter J"]
[Result "1-0"]
[WhiteElo "2235"]
[BlackElo "1985"]
[Annotator "NA"]
[PlyCount "107"]
[EventDate "2018.??.??"]
[EventType "tourn"]
[EventCountry "FAI"]
[SourceTitle "playchess.com"]
[Source "ChessBase"]
[SourceQuality "1"]
[TimeControl "40/5400+30:1800+30"]

1. e4 {[%emt 0:00:57]} c5 {[%emt 0:00:03]} 2. Nc3 {[%emt 0:01:10]} Nc6 {[%emt 0:00:06]} 3. g3 {[%emt 0:01:07]} g6 {[%emt 0:00:11]} 4. Bg2 {[%emt 0:00:26]} Bg7 {[%emt 0:00:13]} 5. d3 {[%emt 0:01:12]} d6 {[%emt 0:00:47]} 6. Be3 {[%emt 0:02:31]} e5 {[%emt 0:00:18]} 7. Qd2 {[%emt 0:01:02]} Nge7 {[%emt 0:02:53]} 8. Bh6 {[%emt 0:03:50]} Bxh6 {[%emt 0:03:19]} 9. Qxh6 {[%emt 0:01:34]} Nd4 {[%emt 0:00:07]} 10. O-O-O {[%emt 0:05:12] B26: Closed Sicilian: 3 g3, lines with early Be3} b5 {[%emt 0:05:52]} 11. Qg7 {[%emt 0:03:32]} Rf8 {[%emt 0:00:16]} 12. Nf3 $146 {[%emt 0:20:01]} ({Predecessor:} 12. f4 b4 13. Nce2 Nxe2+ 14. Nxe2 Bg4 15. Rhe1 Nc6 16. h3 Bxe2 17. Rxe2 a5 {0-1 (37) Krapivin,A (2521)-Sjugirov,S (2444) Vladimir 2006}) 12... Nxf3 {[%emt 0:10:00]} 13. Bxf3 {[%emt 0:00:25]} b4 {[%emt 0:04:40]} 14. Nd5 {[%emt 0:01:26]} Nxd5 {[%emt 0:01:34]} 15. exd5 {[%emt 0:00:03]} Qa5 {[%emt 0:09:44]} 16. Rhe1 {[%emt 0:04:47]} f6 {[%emt 0:13:21]} 17. Qxh7 {[%emt 0:01:37]} Bf5 {[%emt 0:01:41]} 18. g4 {[%emt 0:11:40]} Bd7 {[%emt 0:01:14]} 19. Qxg6+ {[%emt 0:02:38]} Kd8 {[%emt 0:00:36] [#]} 20. Kb1 $1 {[%emt 0:01:57]} Rb8 {[%emt 0:02:41]} 21. Qh6 {[%emt 0:07:10]} (21. g5 $142) 21... Kc7 {[%emt 0:00:20]} 22. b3 {[%emt 0:01:54]} (22. Be4 $18 {is more deadly.}) 22... Rh8 {[%emt 0:02:28]} 23. Qd2 {[%emt 0:07:25]} Rb6 {[%emt 0:05:06]} 24. a4 {[%emt 0:03:24]} Bxa4 {[%emt 0:00:04]} 25. Kb2 {[%emt 0:00:07]} c4 {[%emt 0:02:42]} 26. dxc4 {[%emt 0:04:16]} Bd7 {[%emt 0:02:28]} 27. Ra1 {[%emt 0:00:36]} Qc5 {[%emt 0:00:02]} 28. Rxa7+ {[%emt 0:07:23]} Rb7 {[%emt 0:00:02]} 29. Rxb7+ $16 {[%emt 0:00:16]} Kxb7 {[%emt 0:00:01]} 30. Rh1 {[%emt 0:04:15]} Ra8 {[%emt 0:00:07]} 31. Qe3 {[%emt 0:00:09]} Qa5 {[%emt 0:00:23]} 32. Kc1 {[%emt 0:00:07]} Bxg4 {[%emt 0:02:32]} 33. Kd2 {[%emt 0:01:10]} Bxf3 {[%emt 0:01:59]} 34. Qxf3 {[%emt 0:00:03]} Qc5 {[%emt 0:00:41]} 35. Qe3 {[%emt 0:00:33]} Qc7 {[%emt 0:01:19]} 36. h4 {[%emt 0:01:01]} Qh7 {[%emt 0:00:41]} 37. c5 {[%emt 0:01:01]} Ra2 {[%emt 0:00:18]} 38. Rc1 {[%emt 0:00:30]} dxc5 {[%emt 0:01:09]} 39. Qxc5 {[%emt 0:00:22]} Qxh4 {[%emt 0:00:23]} 40. Qc6+ {[%emt 0:00:00]} Kb8 {[%emt 0:00:21]} 41. Qb6+ {[%emt 0:02:52]} Kc8 {[%emt 0:01:51]} 42. Qc5+ {[%emt 0:01:21]} Kd7 {[%emt 0:01:50]} 43. Qc6+ {[%emt 0:02:49]} Kd8 {[%emt 0:00:43]} 44. Qb6+ {[%emt 0:03:55]} Kc8 {[%emt 0:02:14]} 45. Rg1 {[%emt 0:05:06]} Qh6+ {[%emt 0:05:23]} 46. Qe3 {[%emt 0:00:52]} Qxe3+ {[%emt 0:02:55]} 47. fxe3 {[%emt 0:00:05]} Ra5 {[%emt 0:01:07]} 48. e4 {[%emt 0:00:35]} Kd7 {[%emt 0:01:32]} 49. Rg7+ {[%emt 0:01:00]} Kd6 {[%emt 0:01:40]} 50. Rf7 {[%emt 0:00:16]} Kc5 {[%emt 0:00:18]} 51. Rc7+ {[%emt 0:03:13]} Kb5 {[%emt 0:04:44]} 52. Rc6 {[%emt 0:02:37]} f5 {[%emt 0:00:06]} 53. exf5 {[%emt 0:00:39]} Ra8 {[%emt 0:00:23]} 54. Ke3 1-0

[Event "3rd ESNAI-ch 2018"]
[Site "Klaksvik"]
[Date "2018.04.19"]
[Round "6"]
[White "Belzo, Krzysztof"]
[Black "Efimov, Igor"]
[Result "0-1"]
[WhiteElo "2103"]
[BlackElo "2407"]
[Annotator "TA"]
[PlyCount "80"]
[EventDate "2018.??.??"]
[EventType "tourn"]
[EventCountry "FAI"]
[SourceTitle "playchess.com"]
[Source "ChessBase"]
[SourceQuality "1"]

{[%evp 12,80,0,-33,-41,-22,-18,-37,-29,-31,-56,-47,-30,-63,-66,-104,-89,-118,-92,-125,-119,-159,-181,-376,-381,-375,-374,-370,-350,-381,-368,-414,-420,-420,-420,-419,-420,-414,-414,-435,-428,-420,-418,-422,-414,-610,-505,-561,-539,-606,-604,-691,-677,-682,-680,-679,-634,-627,-607,-785,-757,-773,-739,-1285,-1265,-29979,-29980,-29973,-29964,-29985,-29965]} 1. d4 Nf6 2. c4 e6 3. Nf3 Bb4+ 4. Bd2 c5 5. g3 Qb6 6. Bxb4 Qxb4+ {E11: Bogo-Indian} 7. Qd2 {LiveBook: 8 Games} Qxc4 (7... Nc6 8. Qxb4 Nxb4 9. Na3 b6 10. Bg2 Bb7 11. O-O a6 12. dxc5 bxc5 13. Rfc1 Rb8 14. Nb1 {½-½ (21) Harikrishna,P (2668)-Kortschnoj,V (2611) Reggio Emilia 2008}) 8. Na3 Qa4 {The position is equal.} 9. dxc5 Ne4 $146 ({Predecessor:} 9... Na6 10. Bg2 Nxc5 11. O-O d5 12. Rac1 Nce4 13. Qf4 O-O 14. Ng5 {½-½ (45) Meyer,M (2223)-David,A (2302) Germany 2003}) 10. Qd4 Qxd4 11. Nxd4 Na6 12. Ndb5 Ke7 13. Bg2 Nexc5 ({And not} 13... Naxc5 14. b4 $16) 14. Rc1 d6 {[%cal Bd7d6,Bd6d5][%mdl 32]} 15. Nc4 d5 16. Na5 Bd7 17. Nc7 $2 (17. Nd4) 17... Rac8 $19 ({Less strong is} 17... Nxc7 18. Rxc5 Rhc8 19. Nb3 $17) 18. Nxa6 {[#]} Nd3+ $1 {[%mdl 512]} 19. Kd2 (19. exd3 Rxc1+) 19... Rxc1 20. Rxc1 Nxc1 21. Nb4 Rc8 22. Nxb7 {[#]} Nxa2 $1 {[%mdl 512]} 23. Nxa2 Rb8 24. Nc3 Rxb7 {[%mdl 4096] Endgame KRB-KBN} 25. Kc2 Bc6 26. e3 a5 27. Bf1 e5 28. b3 (28. Ba6 $142 Rb4 29. Bd3) 28... Kd6 29. f4 f6 30. Bd3 g5 31. Bf5 gxf4 32. gxf4 h6 33. Ne2 Bd7 34. Bg6 Rb4 35. Kc3 Bg4 36. Nc1 exf4 {[%cal Be5f4,Bf4e3][%mdl 32]} 37. Nd3 fxe3 38. Nxb4 axb4+ {Black mates.} 39. Kd3 {[#]} d4 $1 40. h4 (40. Kxd4 e2) 40... Ke5 {Precision: White = 39%, Black = 100%.} 0-1

[Event "3rd ESNAI-ch 2018"]
[Site "Klaksvik"]
[Date "2018.04.20"]
[Round "7"]
[White "Efimov, Igor"]
[Black "Aloma Vidal, Robert"]
[Result "1/2-1/2"]
[WhiteElo "2407"]
[BlackElo "2440"]
[Annotator "TA"]
[PlyCount "245"]
[EventDate "2018.??.??"]
[EventType "tourn"]
[EventCountry "FAI"]
[SourceTitle "playchess.com"]
[Source "ChessBase"]
[SourceQuality "1"]

{[%evp 12,245,-4,0,10,-8,-5,-18,-13,-35,-45,-42,0,-12,-22,-58,-14,-14,-14,-29,-37,-35,-35,-38,-8,-12,-4,-16,-12,-37,-38,-53,-60,-60,-62,-60,-54,-69,-36,-41,-50,-209,-185,-177,-154,-154,-143,-157,-159,-140,-69,-83,-80,-54,-54,-354,-13,-8,-13,-36,0,-90,-17,-9,-27,-68,0,-12,0,-732,-689,-833,-373,-372,-371,-354,-345,-332,-343,-341,-342,-328,-305,-400,-383,-381,-391,-384,-386,-365,-370,-357,-366,-435,-433,-427,-417,-492,-473,-487,-473,-438,-447,-445,-428,-1301,-1300,-692,-914,-12842,-12843,-12845,-12835,-1652,-371,-5612,-4702,-618,-313,-301,-43,-65,-44,-104,0,0,0,0,0,0,0,0,0,0,0,0,0,0,0,0,0,0,0,0,0,0,0,0,0,0,0,0,0,0,0,0,0,0,0,0,0,0,0,0,0,0,0,0,0,0,0,0,0,0,0,0,0,0,0,0,0,0,0,0,0,0,0,0,0,0,0,0,0,0,0,0,0,0,0,0,0,0,0,0,0,0,0,0,0,0,0,0,0,0,0,0,0,0,0,0,0,0,0,0,0,0,0,0,0,0,0,0,0,0,0,0]} 1. d4 Nf6 2. Nf3 e6 3. Bg5 {[%cal Bc1g5,Bg5h4,Bh4g3][%mdl 32]} h6 4. Bh4 d6 5. Nc3 (5. Nbd2 g5 6. Bg3 Nh5 7. e3 Bg7 8. Bd3 Nd7 9. c3 f5 10. Qb3 Qe7 11. O-O-O O-O 12. Rde1 c5 13. h3 Nxg3 14. fxg3 d5 15. Qa3 e5 16. dxe5 Nxe5 17. Nxe5 Bxe5 18. g4 fxg4 19. hxg4 Kg7 20. Rxh6 {1-0 (20) Artemiev,V (2696)-Morozevich,A (2665) Sochi 2017}) 5... g5 6. Bg3 {A46: 1 d4 Nf6 2 Nf3 e6: Torre, London and Colle Systems} Nh5 7. e4 {LiveBook: 12 Games} Nd7 8. d5 exd5 $146 ({Predecessor:} 8... Nxg3 9. hxg3 Bg7 10. Nd4 Qf6 11. Ndb5 Kd8 12. Na3 exd5 13. Qxd5 {1-0 (52) Romero Holmes,A (2490)-Menvielle Laccourreye,A (2355) Mesa 1992}) 9. Nxd5 Bg7 10. Nd4 Nxg3 11. hxg3 Nf6 12. Bb5+ Kf8 $1 {...c6 is the strong threat.} 13. Nc3 c6 14. Be2 d5 15. exd5 Nxd5 16. O-O Nb6 17. Nb3 {[%cal Rd1d8]} Bf5 18. Bd3 Bxd3 19. cxd3 h5 20. Re1 h4 21. Qg4 hxg3 $1 22. fxg3 a5 23. Re4 Nd5 ({Inferior is} 23... Qxd3 24. Rd1 $16) 24. Rf1 Kg8 25. Qf5 Nf6 26. Nc5 $2 (26. Ra4 $15) 26... Rh6 27. Re2 Qd4+ 28. Rff2 Rf8 29. Nb3 Qd6 30. Qxg5 Rg6 (30... Qxd3 $17 {Threatens to win with ...Qh7.} 31. Rf3 (31. Nxa5 $2 Rh5 $19) 31... Qh7) 31. Qf5 $1 $15 Qxg3 {Hoping for ...Ng4.} 32. Rf3 Qd6 33. Rf4 $2 {[%mdl 8192] [#]} (33. Ne4 $15 Nxe4 34. Rxe4) 33... Nd5 $2 (33... Nh5 $1 $19 {[%cal Rh5g3][%mdl 512]} 34. Rg4 (34. Qxh5 Qxf4) 34... Ng3 35. Rxg3 Qxg3) 34. Nxd5 $11 cxd5 35. Ref2 Qe7 36. Kf1 {[#]} (36. Qxd5 $11 {keeps the balance.} Qe1+ 37. Rf1 Qe3+ 38. R1f2) 36... Rg5 (36... Re8 $1 $17 {[%csl Ge8][%cal Re7e1]} 37. Qxf7+ Qxf7 38. Rxf7 a4) 37. Qh3 Re8 {[%csl Ge8][%cal Re7e1]} 38. Kg1 Rf8 (38... Qe1+ $15 39. Rf1 Qe3+ 40. Qxe3 Rxe3) 39. a4 Qe1+ $40 {[%mdl 128] Black is up to no good.} 40. Kh2 $2 {[%mdl 8192]} (40. Rf1 $11 Qe5 41. d4) 40... Be5 $1 $19 {[%csl LRf2,LRf4]} 41. Qf3 Kg7 (41... Bxf4+ $142 42. Qxf4 Rh5+ 43. Kg3 Kh7) 42. Rf1 Qh4+ 43. Kg1 Qxf4 44. Qxf4 Bxf4 45. Rxf4 {[%mdl 4096] Endgame KRR-KRN} b6 46. Nd4 Rc8 47. Nf3 Rc1+ 48. Kh2 Rh5+ 49. Kg3 Rc2 50. b4 Rb2 51. bxa5 bxa5 52. Rg4+ Kf6 53. Rf4+ Ke7 54. Kg4 Rh7 55. g3 Rg2 56. Rf5 Rg7+ 57. Kf4 R7xg3 58. Nd4 (58. Rxd5 $142 Rg4+ 59. Kf5 Rxa4 60. Nd4) 58... Rxd3 59. Rxd5 Rgd2 60. Nc6+ Ke6 61. Rxa5 Rd6 62. Rc5 Rf2+ $2 (62... Ra2 63. a5 Ra4+ 64. Ke3 Ra3+ 65. Ke2 Rdd3) 63. Ke4 $2 (63. Ke3 Ra2 64. Nd4+ Kf6 65. Ra5) 63... f5+ 64. Ke3 Rf1 65. a5 f4+ $2 (65... Re1+ $19 66. Kf2 Re4) 66. Ke4 $15 Rdd1 67. Nd4+ Kd6 ({Black should try} 67... Kd7 $17 68. Nf3 Ra1) 68. Rd5+ $11 {The position is equal.} Ke7 {aiming for ...Ra1.} 69. Nc6+ Ke6 70. Rxd1 Rxd1 {KR-KN} 71. Nd4+ Kf6 72. Nf3 Ra1 {White must now prevent ...Ra4+.} 73. Kxf4 Rxa5 74. Ke4 Ra4+ 75. Nd4 Ke7 76. Kd5 Kd7 77. Nb3 Rh4 78. Nd4 Rh5+ 79. Ke4 Kd6 80. Nf5+ Kc5 81. Ke5 Rh1 82. Ne3 Rh8 83. Ke4 Re8+ 84. Kd3 $1 Rd8+ 85. Ke4 Rd4+ 86. Ke5 Rh4 87. Nf5 Rh8 88. Nd6 Kc6 89. Ne4 Rh1 90. Kd4 Rh5 91. Nc3 Kd6 92. Ne4+ Ke6 93. Nc5+ Kf5 94. Kd5 Rh1 95. Nd3 Rh8 96. Nc5 Rd8+ 97. Kc4 Rd1 98. Nd3 Ke6 99. Nc5+ Kd6 100. Ne4+ Ke5 101. Nc3 Rd8 102. Nb5 Rd5 103. Kb4 Rd1 104. Nc3 Rd4+ 105. Kb5 Kd6 106. Na2 Rd1 107. Kc4 Ke5 108. Nc3 Rd8 109. Nb5 Rc8+ 110. Kb4 Kd5 111. Nc3+ Kd4 112. Nb5+ Kd3 113. Na3 Rc7 114. Nb5 Rc4+ 115. Ka5 Rh4 116. Kb6 $1 Kc4 {Strongly threatening ...Rh6+.} 117. Kc6 Rh6+ 118. Nd6+ Kd4 119. Kd7 Kd5 {( -> ...Rh7+)} 120. Nf7 Re6 121. Nd8 Ra6 122. Nb7 Rh6 123. Kc7 {Precision: White = 58%, Black = 59%.} 1/2-1/2

[Event "3rd ESNAI-ch 2018"]
[Site "Klaksvik"]
[Date "2018.04.20"]
[Round "7"]
[White "Klerides, Paris"]
[Black "Ziska, Helgi Dam"]
[Result "0-1"]
[WhiteElo "2183"]
[BlackElo "2549"]
[Annotator "TA RC"]
[PlyCount "56"]
[EventDate "2018.??.??"]
[EventType "tourn"]
[EventCountry "FAI"]
[SourceTitle "playchess.com"]
[Source "ChessBase"]
[SourceQuality "1"]

{[%evp 18,56,-6,-2,0,-22,-12,-44,-36,-140,-141,-193,-203,-206,-194,-203,-202,-184,-125,-210,-191,-184,-203,-185,-123,-133,-154,-152,-158,-181,-179,-170,-174,-180,-122,-1055,-995,-29987,-29988,-29988,-29989]} 1. e4 c5 2. Nf3 d6 3. d4 cxd4 4. Nxd4 Nf6 5. Nc3 a6 6. Bc4 b5 7. Bb3 e6 8. Bg5 b4 {B87: Sicilian Scheveningen/Najdorf: 6 Bc4, with early ...b5} (8... Be7 9. Qf3 Qc7 10. e5 Bb7 11. exd6 Bxd6 12. Qe3 Bc5 13. O-O-O Nc6 14. Bxf6 gxf6 15. Nd5 Qe5 16. Qxe5 Nxe5 17. Nc7+ Ke7 18. Nxa8 Bxg2 {½-½ (28) Radjabov,T (2710)-Topalov,V (2741) Shamkir 2017}) 9. Nce2 Be7 10. Ng3 {LiveBook: 6 Games} Qb6 $146 {The position is equal.} ({Predecessor:} 10... O-O 11. O-O Bd7 12. Bc4 Nc6 13. Nxc6 Bxc6 14. Bd3 h6 15. Be3 Qc7 16. Qe2 {½-½ (31) Saptarshi,R (2413)-Banikas,H (2598) Rethymno 2009}) 11. Be3 {Black must now prevent Nxe6.} Qb7 12. Qf3 O-O 13. O-O-O (13. O-O $15) 13... a5 $17 {[%cal Ba6a5,Ba5a4,Ba4a3][%mdl 32]} 14. Bg5 (14. Ba4 $17) 14... a4 $19 15. Bc4 Ra5 16. h4 Nbd7 17. Qe2 Nc5 ({Better is} 17... Ne5 $19 18. Bb5 Bd7 19. Bxd7 Nexd7) 18. Kb1 {[#]} (18. f3 $17 {might work better.}) 18... a3 $1 19. Nb3 Nxb3 20. Bxb3 Bd7 (20... axb2 $19 21. Kxb2 h6) 21. Nh5 {aiming for Bxf6.} Bb5 22. Qf3 {[%cal Rg5f6]} Nxh5 23. Bxe7 Qxe7 24. Qxh5 Qf6 {[%csl Ga3][%cal Rf6b2]} 25. e5 dxe5 $40 {[%mdl 128] Black wants a kill.} (25... Qxf2 $19 {...Be2 is the strong threat.} 26. Qg4 d5 27. Qxb4 Qa7) 26. Rd2 $2 {[%mdl 8192]} (26. Qg5 $17) 26... e4 {[%csl Ga3][%cal Rf6b2]} 27. bxa3 bxa3 {[%csl Ga3][%cal Rf6b2]} 28. c4 {[#]} Bxc4 $1 {[%mdl 512] Precision: White = 38%, Black = 83%.} 0-1

[Event "3rd ESNAI-ch 2018"]
[Site "Klaksvik"]
[Date "2018.04.20"]
[Round "7"]
[White "Theocharous, Stelios"]
[Black "Berg, Olaf"]
[Result "1-0"]
[WhiteElo "2099"]
[BlackElo "2235"]
[Annotator "TA"]
[PlyCount "113"]
[EventDate "2018.??.??"]
[EventType "tourn"]
[EventCountry "FAI"]
[SourceTitle "playchess.com"]
[Source "ChessBase"]
[SourceQuality "1"]

{[%evp 23,113,18,20,7,39,-20,-24,-29,-20,-24,9,0,0,0,0,0,0,0,36,29,47,35,88,88,73,8,39,34,35,35,55,55,68,60,72,59,84,74,191,174,394,397,791,777,812,771,706,610,634,618,740,660,656,647,595,626,1900,1558,12839,12839,12837,12836,12843,12843,12843,12844,12844,12845,12844,12841,12841,12839,12840,12838,12836,12836,12835,12836,12839,12839,12838,12839,12836,12822,12822,12823,29980,12846,12846,12847,29986,29987]} 1. e4 c5 2. Nf3 d6 3. d4 cxd4 4. Nxd4 Nf6 5. Nc3 a6 6. Be2 e5 7. Nb3 Be7 8. Be3 O-O 9. O-O Be6 10. Qd2 Qc7 {B92: Sicilian Najdorf: 6 Be2} (10... Nbd7 11. a4 Rc8 12. a5 Qc7 13. Rfd1 Rfd8 14. Qe1 Qc6 15. Bf3 h6 16. Nc1 Qc7 17. h3 Re8 18. Nb3 Qb8 19. Rac1 Bd8 20. Ra1 Rc4 21. Nd2 Rc6 22. Nf1 {½-½ (42) Hou,Y (2653)-Yu,Y (2734) Danzhou 2016}) 11. Nd5 Nxd5 12. exd5 Bf5 {LiveBook: 3 Games. The position is equal.} 13. c4 Nd7 14. f4 (14. Na5 $14) 14... exf4 $11 15. Bxf4 Bg6 16. Rac1 b6 17. Bd3 Bf6 $146 ({Predecessor:} 17... Bxd3 18. Qxd3 Bf6 19. Nd4 Nc5 {½-½ (54) Meiners,E (2185)-Skonieczny,J (2302) LSS email 2010}) 18. Bxg6 hxg6 19. Nd4 Rfe8 20. Nc6 Nc5 {[%cal Bd7c5,Bc5e4,Be4c3][%mdl 32]} 21. b4 Ne4 22. Qd3 Qd7 ({Better is} 22... g5 $14 23. Be3 b5) 23. Rce1 $16 Nc3 24. Bd2 (24. Be3 $1 $16 {Rxf6! is the strong threat.} Na4 25. Bd4) 24... Na4 25. Be3 Bc3 26. Re2 $36 {[%mdl 2048] White is more active.} b5 27. cxb5 axb5 28. Ref2 f5 29. g4 {[%cal Bg2g4,Bg4f5][%mdl 32]} Bf6 30. Bd4 $1 {[%cal Rd4f6]} ({Much worse is} 30. gxf5 Nb2 $11) 30... Re4 (30... Bxd4 $16 31. Nxd4 Nb6) 31. gxf5 $18 Rg4+ $2 (31... Rae8 32. Bxf6 (32. fxg6 Rxd4 33. Nxd4 Qg4+ 34. Kh1 Qxd4 $11) (32. Qxb5 Bxd4 33. Nxd4 Qxb5 $16) 32... gxf6 33. fxg6 Qg4+ 34. Kh1 Nb6) 32. Kh1 Bh4 $2 (32... Rxd4 33. Nxd4 g5 34. Qxb5 Qe8 35. Qxe8+ Rxe8) 33. Re2 Rf8 34. Re6 Qf7 35. Qxb5 gxf5 36. Qxa4 Qh5 37. Qc2 f4 {intending ...f3.} 38. Ne7+ Bxe7 39. Rxe7 Rf5 40. Qc8+ Kh7 {[#]} 41. Rxg7+ $1 Rxg7 42. Bxg7 Rf8 43. Qxf8 Qxd5+ 44. Kg1 Qg5+ {[#]} 45. Kf2 $1 Qh4+ 46. Ke2 {White wants to mate with Qh8+.} Qg4+ 47. Ke1 Qe6+ 48. Kd1 Qd5+ 49. Kc2 {White threatens Qh8+ and mate.} Qg2+ 50. Kb3 {Threatening mate with Qh8+.} Qxf1 51. Qf7 Qd1+ 52. Ka3 {Intending Bf8+ and mate.} Qd3+ 53. Bc3+ Kh6 54. Qxf4+ Kh7 55. Qd4 (55. Qf6 $142 Qa6+ 56. Kb3 Qb7 {[#]} 57. Qg7+ $1 {[%mdl 512]} Qxg7 58. Bxg7 Kxg7 59. b5 Kf6 60. b6) 55... Qa6+ 56. Kb3 {[%csl Gc3][%cal Rd4g7]} Kg6 57. Qf6+ {Precision: White = 65%, Black = 39%.} 1-0